Colón. / (Registro nro. 42476)
[ vista simple ]
| 000 -CABECERA | |
|---|---|
| campo de control de longitud fija | 00755nam a2200217 a 4500 |
| 001 - NÚMERO DE CONTROL | |
| campo de control | 000042987 |
| 005 - FECHA Y HORA DE LA ÚLTIMA TRANSACCIÓN | |
| campo de control | 20201002040543.0 |
| 008 - DATOS DE LONGITUD FIJA--INFORMACIÓN GENERAL | |
| campo de control de longitud fija | 140214s2004 pe b 001 0 spa d |
| 040 ## - FUENTE DE LA CATALOGACIÓN | |
| Centro catalogador/agencia de origen | DO-SdBNP |
| Lengua de catalogación | spa |
| Centro/agencia transcriptor | BNPHU |
| 100 1# - ENTRADA PRINCIPAL--NOMBRE DE PERSONA | |
| Nombre de persona | Fernández Armesto, Felipe |
| 9 (RLIN) | 70495 |
| 240 10 - TÍTULO UNIFORME | |
| Título uniforme | Columbus |
| 245 10 - MENCIÓN DE TÍTULO | |
| Título | Colón. / |
| Mención de responsabilidad, etc. | Felipe Fernández Armesto; traducción, Juan Faci; prólogo, Hugh Thomas. |
| 260 ## - PUBLICACIÓN, DISTRIBUCIÓN, ETC. | |
| Lugar de publicación, distribución, etc. | [Peru], : |
| Nombre del editor, distribuidor, etc. | ABC, |
| Fecha de publicación, distribución, etc. | 2004. |
| 300 ## - DESCRIPCIÓN FÍSICA | |
| Extensión | 317 p. : |
| Otras características físicas | mapa ; |
| Dimensiones | 21 cm. |
| 490 1# - MENCIÓN DE SERIE | |
| Mención de serie | Biblioteca ABC |
| -- | Protagonistas de la historia |
| Designación de volumen o secuencia | 7 |
| 500 ## - NOTA GENERAL | |
| Nota general | Incluye índice analítico |
| 500 ## - NOTA GENERAL | |
| Nota general | Incluye índice de mapas |
| 700 1# - PUNTO DE ACCESO ADICIONAL--NOMBRE DE PERSONA | |
| Nombre de persona | Thomas, Hugh |
| Término indicativo de función/relación | prol. |
| 9 (RLIN) | 60289 |
| 700 1# - PUNTO DE ACCESO ADICIONAL--NOMBRE DE PERSONA | |
| Nombre de persona | Faci, Juan |
| Término indicativo de función/relación | trad. |
| 9 (RLIN) | 70496 |
| 830 #0 - PUNTO DE ACCESO ADICIONAL DE SERIE-TÍTULO UNIFORME | |
| Título uniforme | Biblioteca ABC |
| Información miscelánea | Protagonistas de la historia |
| Designación de volumen o secuencia | 7 |
| 9 (RLIN) | 70491 |
| Estado de retiro | Estado de pérdida | Restricciones de uso | No para préstamo | Código de colección | Localización permanente | Ubicación/localización actual | Ubicación en estantería | Fecha de adquisición | Número de inventario | Total de préstamos | Signatura topográfica completa | Código de barras | Fecha visto por última vez | Precio válido a partir de | Tipo de ítem Koha |
|---|---|---|---|---|---|---|---|---|---|---|---|---|---|---|---|
| Excluido de préstamo | Monografías: Libros y Folletos | General | General | En catalogación | 14.02.2014 | LF1 | 42987-10 | 25.06.2020 | 25.06.2020 | No se presta |
